000
00323nam a2200121Ia 4500
008
180117s9999 xx 000 0 und d
100
_a
by Philip M Lustre, Jr
245
4
_a
The Genesis of a Revolution
260
_c
2017
300
_a
14-18 pages, 2017 February 19
440
_a
Philippine Panorama
650
_a
REVOLUTION
999
_c
353426
_d
353426